| 000 | 00707nam a22002057a 4500 | ||
|---|---|---|---|
| 999 |
_c5420 _d5420 |
||
| 003 | AR-CdUCM | ||
| 008 | 190312b ||||| |||| 00| 0 spa d | ||
| 040 |
_aMUNICIPALIDAD PROVINCIAL DEL CUSCO _cBIBLIOTECA MUNICIPAL DEL CUSCO |
||
| 082 |
_a194 / _bS71 |
||
| 100 |
_aSotelo, Ignacio _916326 |
||
| 245 | _aSartre y la razón dialéctica / | ||
| 260 |
_aMadrid : _bTecnos, _c1967. |
||
| 300 |
_a158 páginas ; _c21 cm. |
||
| 505 | _aDel existencialismo al marxismo -- El problema de la inteligibilidad dialéctica -- La praxis individual -- Existencialismo y marxismo... | ||
| 650 |
_aFilosofía _9395 |
||
| 650 |
_aÉtica _91337 |
||
| 650 |
_aDialéctica _95490 |
||
| 942 |
_2ddc _cLIBROS |
||
| 945 | _admma | ||